Porovnanie regiónov Slovenska pomocou ukazovateľa hrubý domáci produkt na obyvateľa

Porovnanie ekonomickej úrovne slovenských regiónov. Hrubý domáci produkt na obyvateľa - ekonomicko-štatistická analýza. Vybrané extenzitné veličiny vstupov a výstupu hospodárskeho procesu za jednotlivé regióny SR za roky 1997-2001. Kvantifikácia intenzitných ukazovateľov modelu HDPobyv. za jednotliv...

ver descrição completa

Na minha lista:
Detalhes bibliográficos
Autor principal: Hurbánková, Ľubica, 1980-
Formato: Capítulo de Livro
Idioma:eslovaco
Assuntos:
Tags: Adicionar Tag
Sem tags, seja o primeiro a adicionar uma tag!

MARC

LEADER 00000naa$a2200000$$$4500
001 0029782
005 20240502071435.1
041 0 |a slo 
044 |a SK 
245 1 0 |a Porovnanie regiónov Slovenska pomocou ukazovateľa hrubý domáci produkt na obyvateľa  |c Ľubica Hurbánková 
520 |a Porovnanie ekonomickej úrovne slovenských regiónov. Hrubý domáci produkt na obyvateľa - ekonomicko-štatistická analýza. Vybrané extenzitné veličiny vstupov a výstupu hospodárskeho procesu za jednotlivé regióny SR za roky 1997-2001. Kvantifikácia intenzitných ukazovateľov modelu HDPobyv. za jednotlivé regióny SR za roky 1997-2001 a ich vývoj. 
610 2 0 |a regióny 
610 2 0 |a Slovensko 
610 2 0 |a ekonomika regionálna 
610 2 0 |a ukazovatele ekonomické 
610 2 0 |a produkt domáci hrubý 
610 2 0 |a analýza ekonomická 
610 2 0 |a analýza štatistická 
610 2 0 |a rozmiestenie síl pracovných 
610 2 0 |a vývoj regionálny 
610 2 0 |a 1997-2001 
100 1 |a Hurbánková, Ľubica, 1980-